[Event "Ruhrgebiet VL1 0405"]
[Site "Ruhrgebiet"]
[Date "2004.10.10"]
[Round "2.5"]
[White "Kordonowski, Frank"]
[Black "Fiori, Bruno"]
[Result "0-1"]
[WhiteElo "1995"]
[BlackElo "1972"]
[PlyCount "84"]
[EventDate "2004.09.12"]
[EventType "team"]
[EventRounds "9"]
[EventCountry "GER"]
[SourceTitle "EXT 2006"]
[Source "ChessBase"]
[SourceDate "2005.11.24"]
[SourceVersion "1"]
[SourceVersionDate "2005.11.24"]
[SourceQuality "1"]
[WhiteTeam "Altenessen"]
[BlackTeam "Osterfeld"]
[WhiteTeamCountry "GER"]
[BlackTeamCountry "GER"]

1. c4 c5 2. Nf3 Nc6 3. d4 cxd4 4. Nxd4 Nf6 5. Nc3 g6 6. e4 d6 7. Be2 Bg7 8. Be3 0-0 9. 0-0 Nxd4 10. Bxd4 Bd7 11. b4 e5 12. Be3 Be6 13. f3 Nh5 14. Nb5 Nf4 15. a4 a6 16. Nc3 Qg5 17. Bxf4 exf4 18. Rc1 Be5 19. Nd5 h5 20. Kh1 Rac8 21. Qd2 h4 22. b5 Rc5 23. bxa6 bxa6 24. Rb1 h3 25. gxh3 Bxh3 26. Rg1 Qh4 27. Rb7 Kg7 28. Ne7 Kh6 29. Qe1 Qxe1 30. Rxe1 Kg7 31. Reb1 Ra5 32. Bd1 Bf1 33. Bb3 Be2 34. Kg2 Rc5 35. Rc1 Rh8 36. Nd5 Rh5 37. Nc7 Bb2 38. Ne6+ Kf6 39. Rc2 fxe6 40. Rxe2 Rcg5+ 41. Kh1 Bd4 42. Rg2 Rxh2+ 0-1

[Event "Ruhrgebiet VK1 0304"]
[Site "Ruhrgebiet"]
[Date "2004.03.28"]
[Round "8.2"]
[White "Kordonowski, Frank"]
[Black "Werschmoeller, Thomas"]
[Result "1/2-1/2"]
[WhiteElo "2054"]
[BlackElo "1920"]
[PlyCount "121"]
[EventDate "2003.09.28"]
[EventType "team"]
[EventRounds "9"]
[EventCountry "GER"]
[SourceTitle "EXT 2007"]
[Source "ChessBase"]
[SourceDate "2006.11.23"]
[SourceVersion "1"]
[SourceVersionDate "2006.11.23"]
[SourceQuality "1"]
[WhiteTeam "Altenessen"]
[BlackTeam "Witten"]
[WhiteTeamCountry "GER"]
[BlackTeamCountry "GER"]

1. b4 d5 2. Bb2 Bf5 3. e3 e6 4. b5 Nf6 5. Nf3 Bd6 6. Be2 0-0 7. 0-0 c6 8. a4 Nbd7 9. Nd4 Bg6 10. f4 c5 11. Nf3 Bh5 12. Ne5 Bxe2 13. Qxe2 Qc7 14. Nxd7 Nxd7 15. Qh5 f5 16. Nc3 Nf6 17. Qf3 Ne4 18. Nxe4 dxe4 19. Qe2 c4 20. Kh1 Be7 21. Be5 Qc5 22. d3 cxd3 23. cxd3 exd3 24. Qxd3 Rfd8 25. Qb3 Qd5 26. Qb2 Rac8 27. Bxg7 Kf7 28. Bd4 Rg8 29. Rf3 h5 30. Qe2 Qe4 31. Rf2 Kg6 32. Rg1 Bh4 33. Rff1 Rc2 34. Qf3 Kh6 35. Qxe4 fxe4 36. g3 Be7 37. Rg2 Rgc8 38. Rxc2 Rxc2 39. Bxa7 Ra2 40. Bd4 Rxa4 41. f5 exf5 42. Rxf5 h4 43. gxh4 Bxh4 44. Rf4 Kh5 45. Rxe4 Bf6 46. Rf4 Bxd4 47. Rxd4 Ra1+ 48. Kg2 Rb1 49. h3 Rxb5 50. Rg4 Rf5 51. Rf4 Rb5 52. Kf3 Rb3 53. Ke4 Kg5 54. Rf8 b5 55. Kd4 b4 56. e4 Rxh3 57. e5 b3 58. Rf2 Rh6 59. Ke4 Rh4+ 60. Kd5 Rb4 61. Rb2 1/2-1/2